<?xml version="1.0" encoding="UTF-8"?>
<record
    xmlns:xsi="http://www.w3.org/2001/XMLSchema-instance"
    xsi:schemaLocation="http://www.loc.gov/MARC21/slim http://www.loc.gov/standards/marcxml/schema/MARC21slim.xsd"
    xmlns="http://www.loc.gov/MARC21/slim">

  <leader>02419nam a2200325 a 4500</leader>
  <controlfield tag="001">000007062</controlfield>
  <controlfield tag="003">DO-SdBNP</controlfield>
  <controlfield tag="005">20250423140401.0</controlfield>
  <controlfield tag="008">090904s2001    dr            001 0 spa d</controlfield>
  <datafield tag="040" ind1=" " ind2=" ">
    <subfield code="a">DO-SdBNP</subfield>
    <subfield code="b">spa</subfield>
    <subfield code="c">BNPHU</subfield>
  </datafield>
  <datafield tag="082" ind1=" " ind2=" ">
    <subfield code="a">808.06661</subfield>
    <subfield code="b">C735e, 2001</subfield>
  </datafield>
  <datafield tag="245" ind1="0" ind2="0">
    <subfield code="a">C&#xF3;mo escribir un art&#xED;culo m&#xE9;dico /</subfield>
    <subfield code="c">Raymundo Carela Febles ...[et. al] ; editores H&#xE9;ctor Otero Cruz, V&#xED;ctor D&#xED;az Alba, Rub&#xE9;n Dar&#xED;o Pimentel.</subfield>
  </datafield>
  <datafield tag="250" ind1=" " ind2=" ">
    <subfield code="a">2&#xAA; ed.</subfield>
  </datafield>
  <datafield tag="260" ind1=" " ind2=" ">
    <subfield code="a">Santo Domingo :</subfield>
    <subfield code="b">Ediciones AMD,</subfield>
    <subfield code="c">2001.</subfield>
    <subfield code="f">B&#xFA;ho</subfield>
  </datafield>
  <datafield tag="300" ind1=" " ind2=" ">
    <subfield code="a">187 p. ;</subfield>
    <subfield code="c">22 cm.</subfield>
  </datafield>
  <datafield tag="504" ind1=" " ind2=" ">
    <subfield code="a">Incluye bibliograf&#xED;a y notas al final de cap&#xED;tulos.</subfield>
  </datafield>
  <datafield tag="505" ind1="0" ind2=" ">
    <subfield code="g">Introducci&#xF3;n /</subfield>
    <subfield code="r">H&#xE9;ctor Otero Cruz --</subfield>
    <subfield code="t">Responsabilidad y &#xE9;tica en las publicaciones m&#xE9;dicas /</subfield>
    <subfield code="r">Hugo R. Mendoza --</subfield>
    <subfield code="t">&#xC9;tica, fraude, plagio y malpraxis en la publicaci&#xF3;n de art&#xED;culos m&#xE9;dicos /</subfield>
    <subfield code="r">Fernando Fern&#xE1;ndez --</subfield>
    <subfield code="t">Redacci&#xF3;n y estilo cient&#xED;fico de los art&#xED;culos m&#xE9;dicos /</subfield>
    <subfield code="r">Fernando Fern&#xE1;ndez --</subfield>
    <subfield code="t">Como presentar un manuscrito al Comit&#xE9; Editorial de una publicaci&#xF3;n m&#xE9;dica /</subfield>
    <subfield code="r">Emilio Mena Ricardo --</subfield>
    <subfield code="t">Selecci&#xF3;n de los autores /</subfield>
    <subfield code="r">H&#xE9;ctor Otero Cruz --</subfield>
    <subfield code="t">La hiperplasia autoral en los art&#xED;culos m&#xE9;dicos /</subfield>
    <subfield code="r">Fernando Fern&#xE1;ndez --</subfield>
    <subfield code="t">El resumen /</subfield>
    <subfield code="r">Raymundo Carela --</subfield>
    <subfield code="t">El resumen /</subfield>
    <subfield code="r">H&#xE9;ctor Otero Cruz --</subfield>
    <subfield code="t">La introducci&#xF3;n /</subfield>
    <subfield code="r">Erwin Cruz Bournigal --</subfield>
    <subfield code="t">Material y m&#xE9;todos /</subfield>
    <subfield code="r">Elbi Morla B&#xE1;ez --</subfield>
    <subfield code="t">Resultados /</subfield>
    <subfield code="r">&#xC1;ngel R. Gonz&#xE1;lez --</subfield>
    <subfield code="t">La discusi&#xF3;n en el art&#xED;culo m&#xE9;dico /</subfield>
    <subfield code="r">Juan S&#xE1;nchez Bison&#xF3; --</subfield>
    <subfield code="t">Conclusiones y recomendaciones en el escrito m&#xE9;dico /</subfield>
    <subfield code="r">Elbi Morla B&#xE1;ez --</subfield>
    <subfield code="t">Presentaci&#xF3;n de casos cl&#xED;nicos /</subfield>
    <subfield code="r">Emilio Mena Castro --</subfield>
    <subfield code="t">Los art&#xED;culos de revisi&#xF3;n de temas en las publicaciones peri&#xF3;dicas m&#xE9;dicas /</subfield>
    <subfield code="r">Fernando Fern&#xE1;ndez --</subfield>
    <subfield code="t">Las referencias bibliogr&#xE1;ficas /</subfield>
    <subfield code="r">Rosa Nieves Paulino --</subfield>
    <subfield code="t">Publicaciones peri&#xF3;dicas m&#xE9;dicas en Rep&#xFA;blica Dominicana : situaci&#xF3;n en el &#xFA;ltimo decenio /</subfield>
    <subfield code="r">Fernando Fern&#xE1;ndez --</subfield>
    <subfield code="g">Anexos.</subfield>
  </datafield>
  <datafield tag="590" ind1=" " ind2=" ">
    <subfield code="a">Inventariado, 2018/ YL</subfield>
  </datafield>
  <datafield tag="650" ind1=" " ind2="4">
    <subfield code="a">Redacci&#xF3;n de escritos m&#xE9;dicos</subfield>
    <subfield code="9">19636</subfield>
  </datafield>
  <datafield tag="650" ind1=" " ind2="4">
    <subfield code="a">Arte de escribir</subfield>
    <subfield code="x">Manuales</subfield>
    <subfield code="9">19637</subfield>
  </datafield>
  <datafield tag="700" ind1="1" ind2=" ">
    <subfield code="a">Carela Febles, Raymundo</subfield>
    <subfield code="9">19638</subfield>
  </datafield>
  <datafield tag="700" ind1="1" ind2=" ">
    <subfield code="a">Fern&#xE1;ndez, Fernando</subfield>
    <subfield code="9">1840</subfield>
  </datafield>
  <datafield tag="700" ind1="1" ind2=" ">
    <subfield code="a">Mena Castro, Emilio</subfield>
    <subfield code="9">19639</subfield>
  </datafield>
  <datafield tag="700" ind1="1" ind2=" ">
    <subfield code="a">D&#xED;az Alba, V&#xED;ctor,</subfield>
    <subfield code="e">ed.</subfield>
    <subfield code="9">19640</subfield>
  </datafield>
  <datafield tag="700" ind1="1" ind2=" ">
    <subfield code="a">Otero Cruz, H&#xE9;ctor</subfield>
    <subfield code="e">ed.</subfield>
    <subfield code="9">19641</subfield>
  </datafield>
  <datafield tag="700" ind1="1" ind2=" ">
    <subfield code="a">Pimentel, Rub&#xE9;n Dar&#xED;o,</subfield>
    <subfield code="e">ed.</subfield>
    <subfield code="9">19624</subfield>
  </datafield>
  <datafield tag="710" ind1="2" ind2=" ">
    <subfield code="a">Asociaci&#xF3;n M&#xE9;dica Dominicana</subfield>
    <subfield code="9">16565</subfield>
  </datafield>
  <datafield tag="910" ind1=" " ind2=" ">
    <subfield code="a">Validado. Control de calidad EMS.</subfield>
  </datafield>
  <datafield tag="942" ind1=" " ind2=" ">
    <subfield code="2">ddc</subfield>
    <subfield code="c">LBS1</subfield>
  </datafield>
  <datafield tag="952" ind1=" " ind2=" ">
    <subfield code="0">0</subfield>
    <subfield code="1">0</subfield>
    <subfield code="5">4</subfield>
    <subfield code="7">0</subfield>
    <subfield code="8">DS</subfield>
    <subfield code="a">GR</subfield>
    <subfield code="b">GR</subfield>
    <subfield code="c">HD</subfield>
    <subfield code="d">2010-02-09</subfield>
    <subfield code="i">LF1</subfield>
    <subfield code="l">0</subfield>
    <subfield code="o">808.06661 C735e, 2001</subfield>
    <subfield code="p">7062-30</subfield>
    <subfield code="r">2020-06-25</subfield>
    <subfield code="t">e. 3</subfield>
    <subfield code="w">2020-06-25</subfield>
    <subfield code="y">LFDS</subfield>
    <subfield code="Z">Pr&#xE9;stamo en sala</subfield>
  </datafield>
  <datafield tag="952" ind1=" " ind2=" ">
    <subfield code="0">0</subfield>
    <subfield code="1">0</subfield>
    <subfield code="5">4</subfield>
    <subfield code="7">0</subfield>
    <subfield code="8">DS</subfield>
    <subfield code="a">GR</subfield>
    <subfield code="b">GR</subfield>
    <subfield code="c">HD</subfield>
    <subfield code="d">2010-02-09</subfield>
    <subfield code="i">LF1</subfield>
    <subfield code="l">0</subfield>
    <subfield code="o">808.06661 C735e, 2001</subfield>
    <subfield code="p">7062-40</subfield>
    <subfield code="r">2020-06-25</subfield>
    <subfield code="t">e. 4</subfield>
    <subfield code="w">2020-06-25</subfield>
    <subfield code="y">LFDS</subfield>
    <subfield code="Z">Pr&#xE9;stamo en sala</subfield>
  </datafield>
  <datafield tag="952" ind1=" " ind2=" ">
    <subfield code="0">0</subfield>
    <subfield code="1">0</subfield>
    <subfield code="5">4</subfield>
    <subfield code="7">0</subfield>
    <subfield code="8">DS</subfield>
    <subfield code="a">GR</subfield>
    <subfield code="b">GR</subfield>
    <subfield code="c">HD</subfield>
    <subfield code="d">2010-02-09</subfield>
    <subfield code="i">LF1</subfield>
    <subfield code="l">0</subfield>
    <subfield code="o">808.06661 C735e, 2001</subfield>
    <subfield code="p">7062-50</subfield>
    <subfield code="r">2020-06-25</subfield>
    <subfield code="t">e. 5</subfield>
    <subfield code="w">2020-06-25</subfield>
    <subfield code="y">LFDS</subfield>
    <subfield code="Z">Pr&#xE9;stamo en sala</subfield>
  </datafield>
  <datafield tag="952" ind1=" " ind2=" ">
    <subfield code="0">0</subfield>
    <subfield code="1">0</subfield>
    <subfield code="7">1</subfield>
    <subfield code="8">PD</subfield>
    <subfield code="a">PD</subfield>
    <subfield code="b">PD</subfield>
    <subfield code="c">HD</subfield>
    <subfield code="d">2009-09-04</subfield>
    <subfield code="i">LF1</subfield>
    <subfield code="l">0</subfield>
    <subfield code="o">808.06661 C735e, 2001</subfield>
    <subfield code="p">7062-10</subfield>
    <subfield code="r">2020-06-25</subfield>
    <subfield code="w">2020-06-25</subfield>
    <subfield code="y">LFPD</subfield>
    <subfield code="Z">No se presta</subfield>
  </datafield>
  <datafield tag="952" ind1=" " ind2=" ">
    <subfield code="0">0</subfield>
    <subfield code="1">0</subfield>
    <subfield code="7">1</subfield>
    <subfield code="8">PD</subfield>
    <subfield code="a">PD</subfield>
    <subfield code="b">PD</subfield>
    <subfield code="c">HD</subfield>
    <subfield code="d">2009-09-04</subfield>
    <subfield code="i">LF1</subfield>
    <subfield code="l">0</subfield>
    <subfield code="o">808.06661 C735e, 2001</subfield>
    <subfield code="p">7062-20</subfield>
    <subfield code="r">2020-06-25</subfield>
    <subfield code="t">e. 2</subfield>
    <subfield code="w">2020-06-25</subfield>
    <subfield code="y">LFPD</subfield>
    <subfield code="Z">No se presta</subfield>
  </datafield>
  <datafield tag="999" ind1=" " ind2=" ">
    <subfield code="c">6845</subfield>
    <subfield code="d">6845</subfield>
  </datafield>
</record>
